<?xml version="1.0" encoding="UTF-8"?>
<record
    xmlns:xsi="http://www.w3.org/2001/XMLSchema-instance"
    xsi:schemaLocation="http://www.loc.gov/MARC21/slim http://www.loc.gov/standards/marcxml/schema/MARC21slim.xsd"
    xmlns="http://www.loc.gov/MARC21/slim">

  <leader>01669nam a2200253   4500</leader>
  <controlfield tag="001">7683</controlfield>
  <controlfield tag="003">OCoLC</controlfield>
  <controlfield tag="005">20181127184133.0</controlfield>
  <controlfield tag="008">900605c19881984cau      b   s000 0 eng d</controlfield>
  <datafield tag="020" ind1=" " ind2=" ">
    <subfield code="a">0520236998</subfield>
  </datafield>
  <datafield tag="020" ind1=" " ind2=" ">
    <subfield code="a">9780520236998</subfield>
  </datafield>
  <datafield tag="100" ind1="1" ind2=" ">
    <subfield code="a">Certeau, Michel de.</subfield>
  </datafield>
  <datafield tag="240" ind1="0" ind2="0">
    <subfield code="a">Arts de faire.</subfield>
    <subfield code="l">English.</subfield>
  </datafield>
  <datafield tag="245" ind1="1" ind2="4">
    <subfield code="a">The practice of everyday life /</subfield>
    <subfield code="c">Michel de Certeau ; translated by Steven Rendall.</subfield>
  </datafield>
  <datafield tag="260" ind1=" " ind2=" ">
    <subfield code="a">Berkeley :</subfield>
    <subfield code="b">University of California Press,</subfield>
    <subfield code="c">1988, c1984.</subfield>
  </datafield>
  <datafield tag="300" ind1=" " ind2=" ">
    <subfield code="a">xxiv, 229 p. ;</subfield>
    <subfield code="c">24 cm.</subfield>
  </datafield>
  <datafield tag="500" ind1=" " ind2=" ">
    <subfield code="a">""First paperback printing""--Verso of t.p.</subfield>
  </datafield>
  <datafield tag="500" ind1=" " ind2=" ">
    <subfield code="a">Translation of: Arts de faire.</subfield>
  </datafield>
  <datafield tag="504" ind1=" " ind2=" ">
    <subfield code="a">Includes bibliographical references.</subfield>
  </datafield>
  <datafield tag="505" ind1=" " ind2=" ">
    <subfield code="a">Preface General Introduction PART I: A VERY ORDINARY  CULTURE I. A Common Place: Ordinary Language II. Popular  Cultures: Ordinary Language III. Making Do: Uses and  Tactics PART II: THEORIES OF THE ART OF PRACTICE IV.  Foucault and Bourdieu V. The Arts of Theory VI. Story  Time PART III: SPATIAL PRACTICES VII. Walking in the City  VIII. Railway Navigation and Incarceration IX. Spatial  Stories PART IV: Uses of Language X. The Scriptural  Economy XI. Quotations of Voices XII. Reading as Poaching  PART V: WAYS OF BELIEVING XIII. Believing and Making  People Believe XIV. The Unnamable Indeterminate Notes</subfield>
    <subfield code="g"></subfield>
    <subfield code="r"></subfield>
    <subfield code="t"></subfield>
  </datafield>
  <datafield tag="520" ind1=" " ind2=" ">
    <subfield code="a">Considers the uses to which social representation and modes  of social behavior are put by individuals and groups,  describing the tactics available to the common man for  reclaiming his own autonomy from the all-pervasive forces  of commerce, politics, and culture.</subfield>
  </datafield>
  <datafield tag="650" ind1=" " ind2="0">
    <subfield code="a">Social history.</subfield>
  </datafield>
  <datafield tag="999" ind1=" " ind2=" ">
    <subfield code="c">6589</subfield>
    <subfield code="d">6589</subfield>
  </datafield>
  <datafield tag="952" ind1=" " ind2=" ">
    <subfield code="0">0</subfield>
    <subfield code="1">0</subfield>
    <subfield code="2">ddc</subfield>
    <subfield code="4">0</subfield>
    <subfield code="7">0</subfield>
    <subfield code="8">MAIN</subfield>
    <subfield code="a">RTCLIB</subfield>
    <subfield code="b">RTCLIB</subfield>
    <subfield code="c">MAIN</subfield>
    <subfield code="d">2022-01-12</subfield>
    <subfield code="h"> </subfield>
    <subfield code="i">11635</subfield>
    <subfield code="l">1</subfield>
    <subfield code="o">306 CER</subfield>
    <subfield code="p">30012321</subfield>
    <subfield code="r">2023-09-11 00:00:00</subfield>
    <subfield code="s">2023-08-31</subfield>
    <subfield code="w">2018-11-27</subfield>
    <subfield code="y">MAIN</subfield>
  </datafield>
</record>
